School administration and organization
| Main Author: | |
|---|---|
| Format: | Book |
| Published: |
New Delhi :
A.P.H Pub. Corp. ,
2007
|
| Subjects: |
MARC
| LEADER | 00000cam a2200000 7i4500 | ||
|---|---|---|---|
| 001 | 0000038435 | ||
| 005 | 20131113.0 | ||
| 008 | 131113 | ||
| 020 | |a 8131301176 | ||
| 090 | 0 | 0 | |a 371.200 |b MIS |
| 100 | 1 | |a Mishra, R.C | |
| 245 | 1 | 0 | |a School administration and organization |c R.C. Mishra |
| 260 | |a New Delhi : |b A.P.H Pub. Corp. , |c 2007 | ||
| 650 | 0 | |a Education | |
| 650 | 0 | |a School management |x Organization | |
| 999 | |a 0001019984 |b Book |c Adult Collection |e Cawangan Muar | ||